000 00442nam a2200181Ia 4500
001 22698
005 20260414150848.0
008 260414t2015||||xx |||||||||||||| ||spa||
041 _aESP
082 _a621.38415
_bG79
100 _aGrebennikov, Andrei
_eAUT
245 0 _aRF and microwave power amplifier design
_b
260 _c2015
300 _a648 páginas :
_c24 cm.
650 _aTCA
654 _aCET
942 _cLIB
_dJUS
_fJUS
_2ddc
_n
999 _c22698
_d22698